| 000 | 00711nam a22001937a 4500 | ||
|---|---|---|---|
| 999 |
_c18246 _d18246 |
||
| 003 | AR-CdUCM | ||
| 008 | 190513b ||||| |||| 00| 0 spa d | ||
| 040 |
_aMUNICIPALIDAD PROVINCIAL DEL CUSCO _cBIBLIOTECA MUNICIPAL DEL CUSCO |
||
| 082 |
_22ed. _a332.98 / _bH15 |
||
| 100 |
_aHansen, Alvin H. _938719 |
||
| 245 | _aTeoría monetaria y política fiscal / | ||
| 260 |
_aMexico : _bFCE, _c1960. |
||
| 300 |
_a257 páginas ; _c22 cm. |
||
| 505 | _aLa relacion entre la cantidad de dinero y el momento de los ingresos través de la historia -- La creación del dinero -- La teoría cuantitativa... | ||
| 650 |
_aEconomía. _9382 |
||
| 650 |
_aPolítica económica. _91407 |
||
| 942 |
_2ddc _cLIBROS |
||
| 945 | _awfj | ||